Imiona i nazwiska graczy LEC 2024 - Statystyki

Ogólne statystyki
  • Ten quiz został rozwiązany 5 razy
  • Średni wynik to 12 z 20
Statystyki odpowiedzi
Hint Odpowiedź % Poprawnych
Rasmus Winther Caps
100%
Matyáš Orság Carzzy
100%
Marek Brázda Humanoid
80%
Zdravets Iliev Galabov Hylissang
80%
Artur Trojan Zwyroo
80%
Lucas Simon-Meslet Cabochard
60%
Markos Stamkopoulos Comp
60%
Javier Prades Batalla Elyoya
60%
Víctor Lirola Tortosa Flakked
60%
Alex Pastor Villarejo Myrwn
60%
Oh Hyeon-taek Noah
60%
Andrei Pascu Odoamne
60%
Théo Borile Sheo
60%
Elias Lipp Upset
60%
Martin Sundelin Yike
60%
Lee Dong-geun IgNar
40%
Joel Miro Scharoll Irrelevant
40%
Ilias Bizriken nuc
40%
Cho Min-seong Rahel
40%
Théo Le Scornec Zoelys
40%
Nie znaleziono quizów pasujących do podanych kryteriów
Rozkład punktacji
Procent ludzi z każdym wynikiem
Percentyl według liczby udzielonych odpowiedzi
Twoja historia wyników
Nie rozwiązałeś tego quizu